000
00283nam a22001337a 4500
008
181012b xxu||||| |||| 00| 0 eng d
020
_a
9780076656103
041
_a
eng
080
_2
11th
_a
540
100
_a
12
101
_a
KIM
245
_a
Chemistry
_c
Chang,R
942
_2
udc
_c
BK
999
_c
49495
_d
49495